00423nam a2200169Ia 4500008004100000020001800041050001600059100001700075245003800092245002000130260001600150260003200166260000900198300001600207300002000223300001000243170918s9999 xx 000 0 und d a9781858214602 bP821wh 1997 aPool, Maggie aWhere the devil lost his poncho / cby Maggie Pool. aEdinburgh : bThe Pentland Press Limited, c1997 a143 pages : billustrations ; c20cm.